Čsl. štátne kúpele Trenčianske Teplice liečebný dom Sitna

Zobrazenie: pohľad naliečebný dom zboku zhora pred ním trýskajúca fontána

Bibliographic Details
Format: Postcard
Language:Slovak
PhysicalDescription:1 pohľadnica čiernobiela 11 x 15 cm
Published: [Bratislava] VPL 1964
Subjects:

MARC

LEADER 00000nkm a2200000 a 4500
001 vtls011704294
003 SK-MaSNL
005 20260512125813.0
007 kp bo
008 231206s1964 xo g 00 kuslo
015 |a SNBG 
040 |a SNK  |b slo  |c SNK  |e AACR2 
041 0 |a slo 
043 |a e-xo--- 
044 |a xo  |c SK 
080 |a 614.2:[725.1:614.21]  |2 2011 
080 |a 908(437.6)  |2 2011 
080 |a (084.121)  |2 2011 
080 |a 711.455:615.838  |2 2011 
245 0 0 |a Čsl. štátne kúpele Trenčianske Teplice  |h grafika  |b liečebný dom Sitna 
260 |a [Bratislava]  |b VPL  |c 1964 
300 |a 1 pohľadnica  |b čiernobiela  |c 11 x 15 cm 
520 8 |a Zobrazenie: pohľad naliečebný dom zboku zhora pred ním trýskajúca fontána 
650 0 7 |a liečebne  |2 SNKPH  |9 56920 
650 0 7 |a kúpele  |2 SNKPH  |9 1139 
651 7 |a Trenčianske Teplice (Slovensko)  |2 SNKPH  |9 14503 
655 7 |a miestne pohľadnice  |2 SNKPH  |9 70510 
958 |a GC 
958 |a GBN 
958 |a OND 
999 |c 1109012  |d 1110942 
952 |a SNK  |b SNK  |y PREZ  |7 0  |p 17A1275487  |o snkSP 48164  |0 0  |1 0  |4 0  |d 2017-07-25  |f 1  |l 0  |r 2026-02-24 17:55:31  |w 2026-02-24 
952 |a SNK  |b SNK  |y PREZ  |7 0  |p 17A1275488  |o snkSP 48164 D1  |0 0  |1 0  |4 0  |d 2017-07-25  |l 0  |r 2026-02-24 17:55:31  |w 2026-02-24